| 000 | 01196cam a22003257a 4500 | ||
|---|---|---|---|
| 003 | CHAP | ||
| 005 | 20220329133757.0 | ||
| 008 | 971013s1976 r 00010 d | ||
| 010 | _a10749 | ||
| 011 | _a11721 | ||
| 035 | _a10978 | ||
| 040 | _cCHAP | ||
| 090 | _aFolleto 7276 | ||
| 100 | 0 | 0 |
_aTurrent Fernández, Antonio. _9115685 |
| 245 | 1 | 3 | _aEl registro de observaciones durante el desarrollo de un experimento de productividad |
| 260 |
_aChapingo, Méx. : _bC.P. Rama de Suelos, _c1976 |
||
| 300 | _a46 P | ||
| 490 | 0 |
_aEstudios sobre la metodología de la investigación en productividad de agrosistemas _v; 2 |
|
| 590 |
_aBATCH-UPD _b10 _c20130110 _lUCH01 _h1651 |
||
| 590 |
_aBATCH-UPD _b10 _c20130410 _lUCH01 _h1040 |
||
| 590 |
_aBATCH-UPD _b10 _c20130914 _lUCH01 _h0331 |
||
| 590 |
_aBATCH-UPD _b10 _c20130914 _lUCH01 _h2056 |
||
| 590 |
_aCONVERSION _b10 _c20130109 _lUCH01 _h1307 |
||
| 650 | 1 | 4 |
_aAgricultura _xExperimentación. _91476 |
| 650 | 1 | 4 |
_aCultivos _xRendimiento. _930318 |
| 830 | 0 |
_aEstudios sobre la metodología de la investigación en productividad de agrosistemas _v; 2 _938556 |
|
| 901 | _aBK | ||
| 942 | _cFOLL | ||
| 949 |
_aFolleto 7276 _bBC _cUACH _d-152926 _eUACH _i10978 _si |
||
| 999 |
_c10749 _d10749 |
||